| 000 | 00349cam a2200133ua 4500 | ||
|---|---|---|---|
| 020 | _a9780070083905 | ||
| 082 |
_a697.93 _bARO/RE |
||
| 100 |
_aArora, C P. _91302 |
||
| 245 | _aRefrigeration and Air Conditioning / | ||
| 250 | _a2 / 3 | ||
| 260 |
_aNew Delhi : _bTata Mc-Graw Hill Publishing Company , _c2004, 2012 |
||
| 300 | _a988 ; 924 | ||
| 942 | _cBK | ||
| 999 |
_c384 _d384 |
||